| 000 | 00434nam a2200145 i 4500 | ||
|---|---|---|---|
| 001 | bg | ||
| 100 | 1 | _aMIELCZREK, Marian. | |
| 245 | 0 |
_aTeksty źródłowe do ćwiczeń z wybranych zagadnień filozofii marksistowskiej. _nCz.1 / _cMarian Mielczarek, Wiesław Sztumski. |
|
| 260 |
_aCzęstochowa, _c1980. |
||
| 700 | 1 | _aSZTUMSKI, Wiesław | |
| 040 | _cBPK | ||
| 041 | _apol | ||
| 942 | _cKS | ||
| 008 | s pl f |000 0 pol | ||
| 999 |
_c20421 _d20421 |
||
| 856 |
_uhttp://koha.tu.koszalin.pl/cgi-bin/koha/opac-detail.pl?biblionumber=20421 _yKatalog online BPK |
||